Welcome to the Holygrace Academy Library

Please use search bar below to get started

QUANTITATIVE APTITUDE (Record no. 1706)

MARC details
000 -LEADER
fixed length control field 00374nam a22001217a 4500
020 ## - INTERNATIONAL STANDARD BOOK NUMBER
ISBN 978-81-8441-036-5
082 ## - DEWEY DECIMAL CLASSIFICATION NUMBER
Classification number 310
Item number INS/Q
100 ## - MAIN ENTRY--AUTHOR NAME
Personal name INSTITUTE OF CHARTERED ACCOUNTANTS OF INDIA
245 ## - TITLE STATEMENT
Title QUANTITATIVE APTITUDE
Remainder of title COMMON PROFICIENCY TEST
260 ## - PUBLICATION, DISTRIBUTION, ETC. (IMPRINT)
Place of publication DELHI
Name of publisher INSTITUTE OF CHARTERED ACCOUNTANTS OF INDIA
Year of publication 2011
650 ## - SUBJECT ADDED ENTRY--TOPICAL TERM
Topical Term COMMON PROFIRNCY TEST
Geographic subdivision INDIA
942 ## - ADDED ENTRY ELEMENTS (KOHA)
Koha item type Books
Holdings
Withdrawn status Lost status Collection code Home library Current library Shelving location Date acquired Source of acquisition Cost, normal purchase price Full call number Accession Number Koha item type
    Reference Main Library Main Library SHELF-5- J - ENTRANCE BASED REFERENCES 11/05/2016 purchase 250.00 310 INS/Q 04268 Books